[Event "SVK-ch U16"]
[Site "Liptovsky Mikulas"]
[Date "2017.04.23"]
[Round "3"]
[White "Ganz, Tomas"]
[Black "Kardis, Benjamin"]
[Result "0-1"]
[WhiteElo "1328"]
[BlackElo "1776"]
[PlyCount "38"]
[EventDate "2017.04.22"]
[EventType "swiss"]
[EventRounds "9"]
[EventCountry "SVK"]
[SourceTitle "CBM 178 Extra"]
[Source "ChessBase"]
[SourceDate "2017.06.22"]
[SourceVersion "1"]
[SourceVersionDate "2017.06.22"]
[SourceQuality "1"]

1. e4 c5 2. Nf3 Nc6 3. d4 cxd4 4. Nxd4 g6 5. Bc4 Bg7 6. Nxc6 bxc6 7. Nc3 d6 8. Qf3 e6 9. e5 d5 10. Bb3 Bxe5 11. Bf4 Bg7 12. Rb1 Ne7 13. 0-0 0-0 14. Ne2 Nf5 15. c3 e5 16. Bd2 e4 17. Qh3 e3 18. g4 exd2 19. gxf5 Bxf5 0-1

[Event "SVK-ch U16"]
[Site "Liptovsky Mikulas"]
[Date "2017.04.23"]
[Round "2"]
[White "Lopata, Daniel"]
[Black "Ganz, Tomas"]
[Result "0-1"]
[WhiteElo "1686"]
[BlackElo "1328"]
[PlyCount "56"]
[EventDate "2017.04.22"]
[EventType "swiss"]
[EventRounds "9"]
[EventCountry "SVK"]
[SourceTitle "CBM 178 Extra"]
[Source "ChessBase"]
[SourceDate "2017.06.22"]
[SourceVersion "1"]
[SourceVersionDate "2017.06.22"]
[SourceQuality "1"]

1. e4 e5 2. Nf3 Nc6 3. Bc4 Bc5 4. c3 Nf6 5. d3 d6 6. 0-0 Bg4 7. Nbd2 Qd7 8. h3 Bh5 9. Bb3 0-0-0 10. Ba4 g5 11. b4 Bb6 12. Nc4 g4 13. Nxb6+ cxb6 14. hxg4 Bxg4 15. Bg5 Qe7 16. Bb3 Rhg8 17. Bh4 Rg6 18. a4 Qd7 19. g3 Rdg8 20. Kh2 Rh6 21. Rg1 Nh5 22. Qd2 Rgg6 23. Bg5 Bxf3 24. Bxh6 Nf4 25. Bxf4 Qg4 26. Rg2 exf4 27. Kg1 Qh3 28. Rh2 Qxh2+ 0-1

[Event "SVK-ch U14"]
[Site "Stara Lubovna"]
[Date "2014.04.07"]
[Round "3"]
[White "Ganz, Tomas"]
[Black "Bango, Dominik"]
[Result "0-1"]
[WhiteElo "1137"]
[BlackElo "1462"]
[PlyCount "80"]
[EventDate "2014.04.05"]
[EventType "swiss"]
[EventRounds "9"]
[EventCountry "SVK"]
[SourceTitle "EXT 2016"]
[Source "ChessBase"]
[SourceDate "2015.10.08"]
[SourceVersion "1"]
[SourceVersionDate "2015.10.08"]
[SourceQuality "1"]

1. e4 e5 2. Nf3 Nc6 3. Bc4 Bc5 4. Nc3 Nf6 5. 0-0 0-0 6. d3 h6 7. Nd5 d6 8. h3 Re8 9. Nxf6+ Qxf6 10. c3 Be6 11. Bxe6 Qxe6 12. b4 Bb6 13. a4 a6 14. a5 Ba7 15. Bb2 Rad8 16. Qc2 Ne7 17. c4 c6 18. c5 dxc5 19. bxc5 Ng6 20. Bc1 Qe7 21. Be3 Nf8 22. Rab1 Qc7 23. Qc3 Qe7 24. Rb3 Rb8 25. Rfb1 Kh8 26. Qb2 Bxc5 27. Rxb7 Rxb7 28. Qxb7 Qxb7 29. Rxb7 Bxe3 30. fxe3 f6 31. Rb6 Rd8 32. Rxa6 Rxd3 33. Rxc6 Rxe3 34. Nd2 Kh7 35. Kf2 Ra3 36. Nc4 Ra2+ 37. Kg3 Nd7 38. Rc7 Nf8 39. Kh4 Rxg2 40. Nxe5 fxe5 0-1